Central Library OPAC University of Rajshahi

Garibaldi's defence of the Roman Republic, 1848-9 / (Record no. 26087)

MARC details
000 -LEADER
fixed length control field 00883cam a2200277 4500
001 - CONTROL NUMBER
control field 26087
003 - CONTROL NUMBER IDENTIFIER
rucl marc code BD-RjUL
005 - DATE AND TIME OF LATEST TRANSACTION
control field 20211209050953.0
008 - FIXED-LENGTH DATA ELEMENTS--GENERAL INFORMATION
fixed length control field 140320r19491907ctua b 001 0beng
020 ## - INTERNATIONAL STANDARD BOOK NUMBER
International Standard Book Number 0837161657
035 ## - SYSTEM CONTROL NUMBER
System control number (BD-RjUL)26157
040 ## - CATALOGING SOURCE
Original cataloging agency DLC
Transcribing agency DLC
Modifying agency DLC
Language of cataloging eng
041 ## - LANGUAGE CODE
Language code of text/sound track or separate title eng
082 00 - DEWEY DECIMAL CLASSIFICATION NUMBER
Classification number 945.080924
-- B
Author mark and year TRG 1949
100 1# - MAIN ENTRY--PERSONAL NAME
Personal name Trevelyan, George Macaulay,
Dates associated with a name 1876-1962.
9 (RLIN) 55186
245 10 - TITLE STATEMENT
Title Garibaldi's defence of the Roman Republic, 1848-9 /
Statement of responsibility, etc. George Macaulay Trevelyan,
260 ## - PUBLICATION, DISTRIBUTION, ETC. (IMPRINT)
Place of publication, distribution, etc. London :
Name of publisher, distributor, etc. longmans ,Green ,
Date of publication, distribution, etc. c1907 [impression1949]
300 ## - PHYSICAL DESCRIPTION
Pagination xv, 387 p. :
Illustrations ill. ;
Size 23 cm.
500 ## - GENERAL NOTE
General note Reprint of the 1912 ed.
504 ## - BIBLIOGRAPHY, ETC. NOTE
Bibliography, etc includes index
600 10 - SUBJECT ADDED ENTRY--PERSONAL NAME
Personal name Garibaldi, Giuseppe,
Dates associated with a name 1807-1882.
651 #0 - SUBJECT ADDED ENTRY--GEOGRAPHIC NAME
Geographic name Rome (Italy)
General subdivision History
Chronological subdivision Revolution of 1848-1849.
9 (RLIN) 80162
942 ## - ADDED ENTRY ELEMENTS (KOHA)
Source of classification or shelving scheme Dewey Decimal Classification
Koha item type Books
Holdings
Lost status Source of classification or shelving scheme Damaged status Not for loan Collection code Permanent Location Current Location Shelving location Date acquired Source of acquisition Cost, normal purchase price Total Checkouts Full call number Date last seen Copy number Koha item type
  Dewey Decimal Classification   Added to bundle Non-fiction Central Library, University of Rajshahi Central Library, University of Rajshahi Reading Room 10/01/1956 simpkin marshall 17.60   945.080924 TRG 1949 20/03/2014 C-1 Books
  Dewey Decimal Classification     Non-fiction Central Library, University of Rajshahi Central Library, University of Rajshahi   15/09/1955 B.H.Black well 0.17   945.080924 TRG 1949 20/03/2014 C-2 Books